000
00307nam a2200133Ia 4500
005
20251222155147.0
008
251222s9999||||xx |||||||||||||| ||spa||
082
_a
NUT. 13.1
100
_a
BARRON, G.
245
0
_a
Nutrición Humana - Tomo I
250
_a
2da. ed.
264
_b
Perú Ofset
942
_c
LIB
999
_c
39419
_d
39419